| 000 | 00378cam a22001337a 4500 | ||
|---|---|---|---|
| 008 | 180718b1987 xxu||||| |||| 00| 0 eng d | ||
| 020 | _a0393954749 | ||
| 082 | _aK9594 M778 | ||
| 100 | _aMook, Douglas G. | ||
| 245 |
_aMotivation : the organisation of action _cby Douglas G. Mook |
||
| 260 |
_aNew York _bW.W. Norton _c1987 |
||
| 300 | _a586p. | ||
| 650 | _aMotivation (Psychology) | ||
| 999 |
_c372493 _d372493 |
||